[Event "Robecchetto Spring op 8th"]
[Site "Robecchetto"]
[Date "2011.04.14"]
[Round "2"]
[White "Colli, Gianmaria"]
[Black "Koureas, Panicos"]
[Result "1-0"]
[WhiteElo "1520"]
[BlackElo "1395"]
[PlyCount "145"]
[EventDate "2011.04.07"]
[EventType "swiss"]
[EventRounds "7"]
[EventCountry "ITA"]
[SourceTitle "EXT 2024"]
[Source "ChessBase"]
[SourceDate "2023.10.10"]
[SourceVersion "1"]
[SourceVersionDate "2023.10.10"]
[SourceQuality "1"]

1. Nf3 Nc6 2. c4 e5 3. Nc3 d6 4. e4 Nf6 5. d3 h6 6. Be2 Ne7 7. d4 exd4 8. Nxd4 c5 9. Nf3 Ng6 10. Be3 Ng4 11. Qd2 Be7 12. Rd1 0-0 13. 0-0 Be6 14. Nd5 Nxe3 15. Nxe3 Qd7 16. e5 Rad8 17. exd6 Bxd6 18. Kh1 Qa4 19. b3 Qc6 20. Qc2 Nf4 21. Rfe1 Nxe2 22. Rxe2 Bf4 23. Rxd8 Rxd8 24. Rd2 Rxd2 25. Qxd2 Bg4 26. Qd8+ Kh7 27. Nxg4 Qg6 28. Ne3 Qb1+ 29. Ng1 Qxa2 30. Qd3+ Kg8 31. Nd5 Qxf2 32. Nxf4 Qxf4 33. Qd5 b6 34. Qa8+ Kh7 35. Qxa7 Qf6 36. h3 g5 37. Qd7 Kg6 38. Nf3 Qf5 39. Qxf5+ Kxf5 40. g4+ Kf4 41. Kg2 f5 42. gxf5 Kxf5 43. Kg3 Ke4 44. Nxg5+ Kd3 45. Ne6 Kc3 46. Nf4 Kxb3 47. Nd5 Kxc4 48. Nxb6+ Kd4 49. Kg4 Ke5 50. Kh5 Kf4 51. h4 Kg3 52. Nc4 Kh3 53. Ne5 Kg3 54. Nc4 Kh3 55. Ne3 Kg3 56. Nf5+ Kh3 57. Kxh6 c4 58. Ne3 c3 59. h5 Kg3 60. Kg6 Kf4 61. Nc2 Ke4 62. h6 Kd3 63. Na3 c2 64. Nxc2 Kxc2 65. h7 Kb1 66. h8Q Kc2 67. Qd4 Kb3 68. Kf5 Kc2 69. Ke4 Kb3 70. Qc5 Kb2 71. Kd3 Ka2 72. Qb5 Ka3 73. Kc2 1-0

[Event "Robecchetto op 21th Autumn"]
[Site "Robecchetto"]
[Date "2010.10.07"]
[Round "1"]
[White "Turini, Gianluca"]
[Black "Colli, Gianmaria"]
[Result "1-0"]
[WhiteElo "1781"]
[BlackElo "1535"]
[PlyCount "89"]
[EventDate "2010.10.07"]
[EventType "swiss"]
[EventRounds "7"]
[EventCountry "ITA"]
[SourceTitle "EXT 2024"]
[Source "ChessBase"]
[SourceDate "2023.10.10"]
[SourceVersion "1"]
[SourceVersionDate "2023.10.10"]
[SourceQuality "1"]

1. d4 d5 2. c4 e6 3. Nc3 Nf6 4. Bg5 Be7 5. e3 Nbd7 6. Nf3 Nb6 7. c5 Nbd7 8. Bd3 b6 9. b4 bxc5 10. bxc5 c6 11. 0-0 0-0 12. Qc2 Qc7 13. Bf4 Qd8 14. Qa4 Bb7 15. Rfb1 Qc8 16. h3 Bd8 17. Rb2 Bc7 18. Rab1 Bxf4 19. Rxb7 Bh6 20. Rxa7 Rxa7 21. Qxa7 Re8 22. Rb7 e5 23. Nxe5 Nxe5 24. dxe5 Ne4 25. Nxe4 dxe4 26. Bxe4 Qe6 27. Rb8 g6 28. Rxe8+ Qxe8 29. Qc7 Qe6 30. a4 Qc4 31. Qxc6 Qc1+ 32. Kh2 Qe1 33. Qf6 Bg7 34. Qd8+ Bf8 35. Kg3 Qc3 36. Qd4 Qa3 37. c6 Bc5 38. Qd8+ Kg7 39. Qf6+ Kh6 40. c7 Bxe3 41. fxe3 Qxe3+ 42. Qf3 Qg5+ 43. Kh2 Qxe5+ 44. Qg3 Qe8 45. Bb7 1-0

[Event "Robecchetto op 21th Spring"]
[Site "Robecchetto"]
[Date "2010.04.08"]
[Round "2"]
[White "Sartorio, Alessandro"]
[Black "Colli, Gianmaria"]
[Result "1/2-1/2"]
[WhiteElo "1383"]
[BlackElo "1580"]
[PlyCount "128"]
[EventDate "2010.04.01"]
[EventType "swiss"]
[EventRounds "6"]
[EventCountry "ITA"]
[SourceTitle "EXT 2024"]
[Source "ChessBase"]
[SourceDate "2023.10.10"]
[SourceVersion "1"]
[SourceVersionDate "2023.10.10"]
[SourceQuality "1"]

1. d4 d5 2. c4 c6 3. Nf3 Nf6 4. Nc3 g6 5. Bg5 Bg7 6. e3 0-0 7. Be2 Re8 8. 0-0 Nbd7 9. Ne5 Nxe5 10. dxe5 Nd7 11. cxd5 cxd5 12. Qxd5 Nxe5 13. Rad1 Qxd5 14. Nxd5 Rf8 15. Nxe7+ Kh8 16. Bb5 Be6 17. f4 Ng4 18. f5 gxf5 19. Nxf5 Bxf5 20. Rxf5 h6 21. Be7 Rfb8 22. Rxf7 Nxe3 23. Rd7 Ng4 24. Rc7 Ne5 25. Rf4 a6 26. Ba4 Ng6 27. Rf7 Nxe7 28. Rcxe7 Bxb2 29. Rh7+ Kg8 30. Bb3+ Kf8 31. Ref7+ Kg8 32. Rxh6 Bd4+ 33. Kh1 Rc8 34. Rd7+ Kf8 35. g3 Bc3 36. Rf7+ Ke8 37. Rf4 Kd7 38. Be6+ Kc7 39. Bxc8 Rxc8 40. Rc4+ Kb8 41. Re4 Bd2 42. Rh7 Rc2 43. h4 Rxa2 44. h5 Ra1+ 45. Kg2 a5 46. h6 a4 47. Rd7 Bxh6 48. Ree7 Rb1 49. Re2 a3 50. Ra2 Bc1 51. Rd5 Bb2 52. g4 Rc1 53. g5 Kc7 54. g6 Kc6 55. Rg5 Rc5 56. Rxc5+ Kxc5 57. g7 Bxg7 58. Rxa3 b5 59. Rb3 Kc4 60. Rb1 b4 61. Kf1 Kc3 62. Ke2 Bh6 63. Kd1 b3 64. Rxb3+ Kxb3 1/2-1/2